Sports Quiz

Random Sports or Cricket Quiz

2014 Australian Tour of South Africa (Cricket) Quiz Stats

 Plays Quiz not verified by Sporcle

Score 0/51 Timer 04:00
0 Plays Today
Team Answer % Correct
AustraliaSteven Smith
94.5%
South AfricaGraeme Smith (c)
94.3%
AustraliaMichael Clarke (c)
92.3%
AustraliaDavid Warner
92.1%
AustraliaMitchell Johnson
88.3%
South AfricaAB de Villiers (vc)
83.9%
South AfricaDale Steyn
83.1%
AustraliaBrad Haddin (vc)
82%
South AfricaMorne Morkel
79%
AustraliaNathan Lyon
78.7%
South AfricaAlbie Morkel
78.7%
AustraliaPeter Siddle
78.1%
AustraliaShane Watson
77.9%
South AfricaHasim Amla
76%
AustraliaChris Rogers
73%
AustraliaRyan Harris
71.9%
AustraliaMitchell Starc
70.8%
AustraliaShaun Marsh
65.8%
AustraliaAaron Finch
65.6%
South AfricaVernon Philander
63.7%
South AfricaFaf du Plessis (c)
63.1%
South AfricaQuinton de Kock
59%
South AfricaJean-Paul Duminy
55.7%
AustraliaJames Pattinson
55.2%
AustraliaGeorge Bailey (c)
54.9%
AustraliaGlenn Maxwell
53.8%
Team Answer % Correct
AustraliaPhillip Hughes
50%
AustraliaJames Faulkner
44.8%
AustraliaAlex Doolan
44.3%
South AfricaImran Tahir
44%
South AfricaAlviro Petersen
41.5%
South AfricaRobin Peterson
41.3%
South AfricaDean Elgar
35.5%
AustraliaCameron White
34.7%
South AfricaKyle Abbott
33.1%
South AfricaDavid Miller
32.2%
AustraliaBrad Hogg
31.7%
AustraliaBrad Hodge
30.9%
South AfricaWayne Parnell
27.9%
AustraliaNathan Coulter-Nile
23.2%
South AfricaRyan McLaren
23%
AustraliaMoises Henriques
22.4%
AustraliaJackson Bird
21.9%
South AfricaLonwabo Tsotsobe
19.9%
AustraliaJames Muirhead
18.6%
South AfricaFarhaan Behardien
11.7%
South AfricaAaron Phangiso
11.7%
South AfricaRory Kleinveldt
9%
AustraliaDaniel Christian
8.7%
South AfricaBeuran Hendricks
6%
South AfricaThami Tsolekile
5.7%

You're not logged in!

Compare scores with friends on all Sporcle quizzes.
OR
Log In

Show Comments

Extras

Top Quizzes Today


Score Distribution

Your Account Isn't Verified!

In order to create a playlist on Sporcle, you need to verify the email address you used during registration. Go to your Sporcle Settings to finish the process.

Report this User

Report this user for behavior that violates our Community Guidelines.

Details: